| Tag |
First Indicator |
Second Indicator |
Subfields |
| LEADER |
00000cam a2200000 a 4500 |
| 001 |
in00000073876 |
| 005 |
20151008054731.0 |
| 008 |
810824s1979 abca bs 00010 eng |
| 010 |
|
|
|a 81123576
|
| 015 |
|
|
|a C80-1210-0
|
| 020 |
|
|
|a 0920522076 (pbk.) :
|c $3.00
|
| 035 |
|
|
|a (OCoLC)07775613
|
| 035 |
|
|
|9 AAJ1528AM
|
| 039 |
0 |
|
|a 2
|b 3
|c 3
|d 3
|e 3
|
| 040 |
|
|
|a DLC
|c DLC
|d TXA
|d UtOrBLW
|
| 043 |
|
|
|a n-cn---
|
| 049 |
|
|
|a TXAM
|c [932885]
|
| 050 |
0 |
0 |
|a HD9502.C32
|b S6
|
| 082 |
0 |
|
|a 333.79/13/0971
|2 19
|
| 100 |
1 |
|
|a Slagorsky, Z. Charles,
|d 1945-
|
| 245 |
1 |
0 |
|a Energy use in Canada in comparison with other countries /
|c Z. Charles Slagorsky.
|
| 264 |
|
1 |
|a Calgary, Alta. :
|b Canadian Energy Research Institute,
|c 1979.
|
| 300 |
|
|
|a viii, 91 pages :
|b illustrations ;
|c 21 cm.
|
| 336 |
|
|
|a text
|b txt
|2 rdacontent
|
| 337 |
|
|
|a unmediated
|b n
|2 rdamedia
|
| 338 |
|
|
|a volume
|b nc
|2 rdacarrier
|
| 490 |
1 |
|
|a Study / Canadian Energy Research Institute ;
|v no. 8
|
| 504 |
|
|
|a Bibliography: pages 89-91.
|
| 650 |
|
0 |
|a Energy consumption
|z Canada.
|
| 650 |
|
0 |
|a Energy conservation
|z Canada.
|
| 830 |
|
0 |
|a Study (Canadian Energy Research Institute) ;
|v no. 8.
|
| 999 |
|
|
|a MARS
|
| 999 |
f |
f |
|s 0d7f0a00-014a-3f9d-a204-15b0a56a47e8
|i 623df7dc-c053-38f1-8602-a61f0500c764
|t 0
|
| 952 |
f |
f |
|p ric
|a Texas A&M University
|b Rellis Campus
|c Joint Library Facility
|d Remote Storage
|t 0
|e HD9502.C32 S6
|h Library of Congress classification
|i unmediated -- volume
|m A14806130761
|
| 998 |
f |
f |
|a HD9502.C32 S6
|t 0
|l Remote Storage
|